[Event "German Masters Frauen 2019"]
[Site "Magdeburg"]
[Date "2019.05.27"]
[Round "2.4"]
[White "Hoolt, Sarah"]
[Black "Muetsch, Annmarie"]
[Result "1/2-1/2"]
[WhiteElo "2321"]
[BlackElo "2266"]
[Annotator "TA"]
[PlyCount "123"]
[EventDate "2019.05.26"]
[EventType "tourn"]
[EventCountry "GER"]
[SourceTitle "playchess.com"]
[Source "ChessBase"]
[SourceQuality "1"]

{[%evp 13,123,42,22,2,12,6,28,28,33,24,24,29,28,16,20,29,44,47,33,8,21,25,70,60,85,0,66,72,126,73,101,73,147,140,135,131,127,118,120,116,124,77,110,35,72,66,75,68,71,83,71,22,22,9,8,2,15,8,3,1,9,0,6,0,9,19,41,43,61,53,92,85,166,169,170,165,160,74,894,879,5043,186,351,269,326,323,284,183,183,140,140,140,140,140,140,140,140,140,140,20,20,16,16,16,16,0,16,0,16,16,16,10]} 1. e4 c5 2. Nf3 e6 3. d4 cxd4 4. Nxd4 Nc6 5. Nc3 Qc7 6. Be3 a6 7. Qd2 Nf6 8. f4 {B48: Sicilian: Taimanov: 5 Nc3 Qc7 6 Be3 a6 without Be2} (8. O-O-O Be7 9. f3 b5 10. g4 Nxd4 11. Bxd4 Bb7 12. Kb1 O-O 13. Rg1 Rac8 14. h4 Rfd8 15. Bh3 Ne8 16. g5 {½-½ (30) Dominguez Perez,L (2739)-Shankland,S (2731) Saint Louis 2019}) 8... Bb4 {Threatens to win with ...Nxe4!} 9. Bd3 Ne7 10. a3 {White has an edge.} Bxc3 11. Qxc3 Qxc3+ 12. bxc3 d5 13. exd5 $146 ({Predecessor:} 13. e5 Ne4 14. c4 Nc5 15. Be2 dxc4 {½-½ (47) Lorenzo de la Riva,L (2415)-Aroshidze,L (2539) Figueres 2014}) 13... Nfxd5 14. Bd2 Nf5 15. O-O O-O 16. Rfe1 Nxd4 17. cxd4 Bd7 18. c4 Nf6 19. Rab1 ({Better is} 19. a4 $16) 19... Bc6 (19... b5 $1 $11) 20. f5 $14 Rfe8 ({Black should try} 20... Rfd8) 21. Ba5 (21. fxe6 $142 fxe6 22. a4) 21... Rab8 22. Re2 g6 (22... b5 $142) 23. fxe6 $16 fxe6 24. Rbe1 Nh5 25. Bc7 Rbc8 26. Bd6 Ng7 27. Bc5 Rb8 28. Rf2 (28. Bb6 $16) 28... b6 29. Bd6 Rbd8 30. Be5 Nf5 31. Rf4 b5 32. cxb5 (32. Bf6 {is interesting.} Rc8 33. g4 Nd6 34. c5 Nc4 35. h4) 32... Bxb5 33. Bxb5 (33. Bb1 {looks sharper.} Bc4 34. Be4 Bd5 35. Bd3 Ra8 36. g4) 33... axb5 34. g4 Ne7 35. Ref1 {Rf7 is the strong threat.} Nc6 36. Bf6 $36 {[%mdl 2048] White is more active.} Rd7 37. Rc1 Ne7 38. Be5 Nd5 39. Rf3 Ra7 40. Rb1 Ra5 41. Rfb3 g5 42. Rxb5 Rxa3 (42... Ra7 $16) 43. Rb7 $18 Re7 44. Rb8+ Kf7 45. Rh8 (45. Bd6 $142 Ra4 46. Bxe7 Kxe7 47. R1b7+ Kd6 48. Rd8+ (48. Rxh7 Rxd4 49. h3 Ke5 $16) 48... Kc6 49. Rxh7) 45... Kg6 $2 {[%mdl 8192]} (45... Rea7 $16) 46. Rg8+ ({Less strong is} 46. Bd6 Rea7 $18) 46... Kh6 {[#]} 47. Bd6 $2 (47. h4 $1 {[%mdl 512]} gxh4 48. Rf1 Rg3+ 49. Kh2 Rxg4 50. Rxg4) 47... Raa7 $2 (47... Ra6 48. Bxe7 Nxe7) 48. Bxe7 Rxe7 {[%mdl 4096] Endgame KRR-KRN} 49. Re1 Nf4 50. h4 gxh4 {[#]} 51. Re5 $1 {Intending Rh5+! and mate.} Rg7 52. Rxg7 Kxg7 $16 {[#] KR-KN} 53. Re4 $1 {[%cal Re4f4]} Nh3+ {[#]} 54. Kg2 $1 Ng5 55. Re5 Kg6 {[#]} 56. Ra5 ({Only move:} 56. Kf2 $1 $16) 56... h5 $1 $11 {The position is equal.} 57. gxh5+ Kxh5 58. Ra4 Kg6 59. Ra5 Kh5 60. Ra4 Kg6 61. Kf2 Kf5 62. Ke3 {Accuracy: White = 44%, Black = 32%.} 1/2-1/2

[Event "German Masters Frauen 2019"]
[Site "Magdeburg"]
[Date "2019.05.28"]
[Round "3.1"]
[White "Muetsch, Annmarie"]
[Black "Osmanodja, Filiz"]
[Result "1-0"]
[WhiteElo "2266"]
[BlackElo "2260"]
[Annotator "ChessBase"]
[PlyCount "79"]
[EventDate "2019.05.26"]
[EventType "tourn"]
[EventCountry "GER"]
[SourceTitle "playchess.com"]
[Source "ChessBase"]
[SourceQuality "1"]
[TimeControl "40/5400+30:1800+30"]

1. e4 {[%emt 0:00:00]} d6 {[%emt 0:00:00]} 2. d4 {[%emt 0:01:26]} Nf6 {[%emt 0:00:00]} 3. Nc3 {[%emt 0:00:08]} e5 {[%emt 0:00:00]} 4. Nf3 {[%emt 0:00:32]} Nbd7 {[%emt 0:00:02]} 5. Bc4 {[%emt 0:00:16]} Be7 {[%emt 0:00:08]} 6. O-O {[%emt 0:00:33]} O-O {[%emt 0:00:09]} 7. a4 {[%emt 0:01:44]} exd4 {[%emt 0:00:31]} 8. Nxd4 {[%emt 0:00:13]} Ne5 {[%emt 0:00:02]} 9. Be2 {[%emt 0:03:32]} c5 {[%emt 0:03:30]} 10. Nf3 {[%emt 0:02:46]} Nc6 {[%emt 0:01:14]} 11. h3 {[%emt 0:03:29]} h6 {[%emt 0:03:35]} 12. Bf4 {[%emt 0:06:06]} Be6 {[%emt 0:02:14]} 13. Qd2 {[%emt 0:08:15]} Nb4 {[%emt 0:07:27]} 14. Rad1 {[%emt 0:04:30]} d5 {[%emt 0:17:32]} 15. exd5 {[%emt 0:00:25]} Nfxd5 {[%emt 0:01:39]} 16. Nxd5 {[%emt 0:00:53]} Qxd5 {[%emt 0:03:45]} 17. c3 {[%emt 0:06:46]} Qxd2 {[%emt 0:00:33]} 18. Nxd2 {[%emt 0:00:19]} Nd5 {[%emt 0:02:16]} 19. Bg3 {[%emt 0:00:20]} Rad8 {[%emt 0:02:57]} 20. Nc4 {[%emt 0:12:27]} f5 {[%emt 0:05:30]} 21. Be5 {[%emt 0:02:04]} f4 {[%emt 0:05:31]} 22. Rfe1 {[%emt 0:04:13]} g5 {[%emt 0:21:08]} 23. Na5 {[%emt 0:06:08]} Nb6 {[%emt 0:07:42]} 24. c4 {[%emt 0:05:20]} Bc8 {[%emt 0:04:06]} 25. Bf3 {[%emt 0:03:30]} Rxd1 {[%emt 0:00:12]} 26. Rxd1 {[%emt 0:00:35]} Nxa4 {[%emt 0:04:21]} 27. b3 {[%emt 0:03:25]} Nb6 {[%emt 0:00:27]} 28. Bxb7 {[%emt 0:01:22]} Bxb7 {[%emt 0:02:40]} 29. Nxb7 {[%emt 0:00:06]} Rf5 {[%emt 0:01:09]} 30. Bb8 {[%emt 0:02:44]} Nc8 {[%emt 0:00:59]} 31. Rd7 {[%emt 0:02:11]} Rf8 {[%emt 0:01:37]} 32. Bxa7 {[%emt 0:02:59]} Nxa7 {[%emt 0:00:45]} 33. Rxe7 {[%emt 0:00:06]} Nc6 {[%emt 0:01:05]} 34. Rc7 {[%emt 0:03:25]} Nd4 {[%emt 0:00:02]} 35. Nxc5 {[%emt 0:01:24]} Ra8 {[%emt 0:00:59]} 36. Rd7 {[%emt 0:03:43]} Ra1+ {[%emt 0:00:22]} 37. Kh2 {[%emt 0:00:04]} Ne2 {[%emt 0:01:07]} 38. Ne4 {[%emt 0:02:08]} Rb1 {[%emt 0:01:00]} 39. c5 {[%emt 0:00:48]} Rxb3 {[%emt 0:00:37]} 40. c6 {[%emt 0:00:19]} 1-0

[Event "German Masters Frauen 2019"]
[Site "Magdeburg"]
[Date "2019.05.28"]
[Round "3.2"]
[White "Kachiani-Gersinska, Ketino"]
[Black "Hoolt, Sarah"]
[Result "1/2-1/2"]
[WhiteElo "2305"]
[BlackElo "2321"]
[Annotator "ChessBase"]
[PlyCount "84"]
[EventDate "2019.05.26"]
[EventType "tourn"]
[EventCountry "GER"]
[SourceTitle "playchess.com"]
[Source "ChessBase"]
[SourceQuality "1"]
[TimeControl "40/5400+30:1800+30"]

1. c4 {[%emt 0:00:27]} c5 {[%emt 0:00:34]} 2. Nf3 {[%emt 0:00:08]} g6 {[%emt 0:00:32]} 3. d4 {[%emt 0:01:53]} cxd4 {[%emt 0:01:55]} 4. Nxd4 {[%emt 0:00:07]} Bg7 {[%emt 0:00:13]} 5. e4 {[%emt 0:02:39]} Nc6 {[%emt 0:00:49]} 6. Be3 {[%emt 0:00:10]} Nf6 {[%emt 0:00:19]} 7. Nc3 {[%emt 0:00:07]} d6 {[%emt 0:00:19]} 8. Be2 {[%emt 0:21:00]} O-O {[%emt 0:01:40]} 9. f3 {[%emt 0:02:40]} Bd7 {[%emt 0:07:07]} 10. Qd2 {[%emt 0:01:00]} Nxd4 {[%emt 0:02:03]} 11. Bxd4 {[%emt 0:00:09]} Bc6 {[%emt 0:00:05]} 12. Rc1 {[%emt 0:03:49]} a5 {[%emt 0:06:54]} 13. b3 {[%emt 0:03:22]} Nd7 {[%emt 0:02:36]} 14. O-O {[%emt 0:07:33]} Nc5 {[%emt 0:09:17]} 15. Bxg7 {[%emt 0:06:04]} Kxg7 {[%emt 0:00:05]} 16. Rfd1 {[%emt 0:00:05]} Qb6 {[%emt 0:09:25]} 17. Qd4+ {[%emt 0:09:13]} e5 {[%emt 0:02:10]} 18. Qe3 {[%emt 0:00:31]} Rad8 {[%emt 0:02:35]} 19. Rd2 {[%emt 0:06:18]} Rd7 {[%emt 0:04:25]} 20. Rcd1 {[%emt 0:09:07]} Rfd8 {[%emt 0:01:35]} 21. Rb1 {[%emt 0:00:16]} Qb4 {[%emt 0:03:31]} 22. Kf2 {[%emt 0:08:33]} Rf8 {[%emt 0:04:11]} 23. Kg1 {[%emt 0:03:37]} Ne6 {[%emt 0:01:16]} 24. Nd5 {[%emt 0:02:41]} Bxd5 {[%emt 0:01:05]} 25. Rxd5 {[%emt 0:00:08]} Nd4 {[%emt 0:03:45]} 26. c5 {[%emt 0:00:59]} Rfd8 {[%emt 0:02:57]} 27. cxd6 {[%emt 0:01:09]} Rxd6 {[%emt 0:02:16]} 28. Bc4 {[%emt 0:00:59]} b5 {[%emt 0:01:42]} 29. Rxd6 {[%emt 0:00:33]} Qxd6 {[%emt 0:02:11]} 30. Bd5 {[%emt 0:03:07]} Rc8 {[%emt 0:01:14]} 31. a4 {[%emt 0:01:45]} Rc2 {[%emt 0:08:02]} 32. Kh1 {[%emt 0:01:13]} b4 {[%emt 0:13:07]} 33. Bc4 {[%emt 0:02:18]} Ne6 {[%emt 0:02:18]} 34. Qa7 {[%emt 0:01:04]} Kf6 {[%emt 0:03:18]} 35. Rg1 {[%emt 0:00:20]} Qc7 {[%emt 0:00:41]} 36. Qa6 {[%emt 0:00:53]} Rd2 {[%emt 0:00:33]} 37. Bd5 {[%emt 0:00:48]} Qc5 {[%emt 0:00:29]} 38. Bxe6 {[%emt 0:00:34]} fxe6 {[%emt 0:00:55]} 39. Qa8 {[%emt 0:00:16]} Kg7 {[%emt 0:00:17]} 40. Qb7+ {[%emt 0:00:32]} Kg8 {[%emt 0:00:35]} 41. Qa8+ {[%emt 0:30:13]} Kg7 {[%emt 0:30:10]} 42. Qb7+ {[%emt 0:00:25]} Kg8 {[%emt 0:00:19]} 1/2-1/2

[Event "German Masters Frauen 2019"]
[Site "Magdeburg"]
[Date "2019.05.28"]
[Round "3.3"]
[White "Heinemann, Josefine"]
[Black "Sieber, Fiona"]
[Result "1/2-1/2"]
[WhiteElo "2227"]
[BlackElo "2250"]
[Annotator "ChessBase"]
[PlyCount "31"]
[EventDate "2019.05.26"]
[EventType "tourn"]
[EventCountry "GER"]
[SourceTitle "playchess.com"]
[Source "ChessBase"]
[SourceQuality "1"]
[TimeControl "40/5400+30:1800+30"]

1. e4 {[%emt 0:00:00]} c5 {[%emt 0:00:00]} 2. Nf3 {[%emt 0:00:00]} d6 {[%emt 0:00:00]} 3. Bb5+ {[%emt 0:00:00]} Bd7 {[%emt 0:00:15]} 4. Bxd7+ {[%emt 0:00:14]} Qxd7 {[%emt 0:00:06]} 5. c4 {[%emt 0:00:11]} Nf6 {[%emt 0:00:09]} 6. Nc3 {[%emt 0:00:08]} g6 {[%emt 0:00:10]} 7. d4 {[%emt 0:00:50]} cxd4 {[%emt 0:00:05]} 8. Nxd4 {[%emt 0:00:03]} Bg7 {[%emt 0:00:10]} 9. h3 {[%emt 0:01:30]} Qc7 {[%emt 0:05:24]} 10. Be3 {[%emt 0:09:54]} Qxc4 {[%emt 0:13:39]} 11. Rc1 {[%emt 0:00:06]} Na6 {[%emt 0:02:39]} 12. Ncb5 {[%emt 0:16:14]} Qxa2 {[%emt 0:03:43]} 13. Ra1 {[%emt 0:04:15]} Qc4 {[%emt 0:12:09]} 14. Rc1 {[%emt 0:02:06]} Qa2 {[%emt 0:00:08]} 15. Ra1 {[%emt 0:03:02]} Qc4 {[%emt 0:00:10]} 16. Rc1 {[%emt 0:00:11]} 1/2-1/2

[Event "German Masters Frauen 2019"]
[Site "Magdeburg"]
[Date "2019.05.28"]
[Round "3.4"]
[White "Klek, Hanna Marie"]
[Black "Lubbe, Melanie"]
[Result "0-1"]
[WhiteElo "2325"]
[BlackElo "2278"]
[Annotator "TA"]
[PlyCount "110"]
[EventDate "2019.05.26"]
[EventType "tourn"]
[EventCountry "GER"]
[SourceTitle "playchess.com"]
[Source "ChessBase"]
[SourceQuality "1"]

{[%evp 10,110,23,39,37,30,31,29,28,37,28,26,46,29,39,36,46,40,60,58,49,52,59,51,62,53,72,77,133,66,87,68,66,30,57,-1,22,21,17,0,27,27,24,19,25,4,41,-57,59,63,66,8,139,98,173,137,139,122,115,113,190,161,245,110,122,119,173,164,166,35,530,-24,-13,-14,-4,-8,-11,-121,-121,-121,-121,-120,-118,-189,-181,-181,-183,-181,-185,-193,-185,-193,-87,-89,-71,-118,-91,-834,-803,-1069,-1090,-1226,-1179]} 1. d4 d6 2. e4 Nf6 3. Nc3 e5 4. Nf3 Nbd7 5. Bc4 Be7 6. O-O {Black must now prevent Bxf7+!} Nb6 {C41: Philidor Defence} (6... O-O 7. Re1 c6 8. a4 a5 9. h3 Re8 10. Ba2 Bf8 11. Be3 Qc7 12. Ng5 Re7 13. f4 b6 14. fxe5 dxe5 15. d5 cxd5 16. exd5 {1-0 (16) Wang,H (2709)-Ivanchuk,V (2726) Huaian 2017}) 7. Be2 exd4 8. Nxd4 O-O {White has an edge.} 9. a4 a5 10. f4 Re8 11. Bf3 c6 12. b3 Bf8 13. h3 {[#]} g6 $146 ({Predecessor:} 13... d5 14. e5 {0-1 (62) Savic,M (2539)-Damljanovic,B (2536) Vrnjacka Banja 2013}) 14. Qd2 Nbd7 15. Qf2 Nc5 {[%cal Rf6e4]} 16. Re1 $1 Bg7 17. Ba3 Nfd7 18. Rad1 Qc7 {[#]} (18... Qb6 $142) 19. Kh1 (19. Ndb5 $1 $16 {[%mdl 512]} cxb5 20. Nxb5 {[%mdl 64] Double Attack}) 19... Bf8 20. Nde2 b6 21. g4 Bb7 22. Bg2 (22. Kg1 $14) 22... Rad8 23. Ng3 Bg7 24. Bb2 Re7 25. Re2 Nf8 26. Red2 Red7 27. h4 Qb8 28. Rg1 (28. Kg1 $14) 28... Re7 (28... d5 $1 $15 29. exd5 cxd5) 29. h5 $14 Rde8 30. Re2 (30. Bf3 $14) 30... b5 (30... Rd7 $11 {keeps the balance.}) 31. e5 $1 $16 b4 (31... bxa4 $16 32. Nce4 Nxe4 33. Nxe4 d5) 32. Nd1 {[%cal Bc3d1,Bd1e3,Be3c4][%mdl 32]} Ncd7 33. Ne3 dxe5 34. f5 Bh6 (34... g5 $16 {is a better defense.}) 35. Ne4 $18 {[%mdl 1024] aiming for g5. White has strong compensation.} Bf4 (35... f6 $142) 36. Bf3 (36. g5 $1 $18) 36... g5 37. Rd1 $1 f6 (37... c5 $16) 38. Nc4 Ba6 39. Ned6 ({White should try} 39. Nxa5 $18 Qc7 40. Nc4) 39... Rd8 $2 {[%mdl 8192]} (39... Bxc4 $1 $14 40. bxc4 Rd8) 40. Bxc6 $2 ({White must play} 40. Nxa5 $18 Nb6 41. Nxc6 {[%mdl 64] Double Attack} Rxd6 42. Nxb8 Rxd1+ 43. Re1 Rxe1+ 44. Qxe1) 40... Nb6 $1 $11 {And now ...Bxc4 would win.} 41. Ree1 Nxc4 42. Nxc4 Rc7 43. Rxd8 (43. Nxa5 $11 Rxc6 {[%mdl 64] Remove Defender} 44. Nxc6) 43... Qxd8 $17 44. Qf3 ({Avoid the trap} 44. Nxa5 $2 Rxc6 $1 {[%mdl 512]} 45. Nxc6 Bb7 $19) 44... Bxc4 45. bxc4 {[#]} Qd2 $1 {[%csl Gf4][%cal Rd2h2][%mdl 576] Double Attack} 46. Bd5+ {[#]} (46. Qd5+ $17 {keeps fighting.} Kh8 47. Qxd2 Bxd2 48. Rxe5 Rxc6 49. Rxa5) 46... Kg7 $1 $19 {[%csl Gf4][%cal Rd2h2][%mdl 512]} 47. Re2 Qd1+ $40 {[%mdl 128] Black attacks with force.} 48. Kg2 Nd7 $1 49. Qd3 Qxd3 50. cxd3 {[#]} Nc5 (50... Nb6 $1 $19 {and Black stays clearly on top.} 51. Ba1 Nxd5 52. cxd5 Rc1) 51. d4 $17 Nxa4 52. dxe5 Nxb2 53. e6 $2 {[%mdl 8192]} (53. exf6+ $17 Kxf6 54. Rxb2) 53... Be5 $19 {Black is clearly winning.} 54. h6+ {[#]} Kf8 $1 55. Rd2 Ke7 {Accuracy: White = 46%, Black = 43%.} 0-1

[Event "German Masters Frauen 2019"]
[Site "Magdeburg"]
[Date "2019.05.29"]
[Round "4.1"]
[White "Osmanodja, Filiz"]
[Black "Lubbe, Melanie"]
[Result "1-0"]
[WhiteElo "2260"]
[BlackElo "2278"]
[Annotator "ChessBase"]
[PlyCount "173"]
[EventDate "2019.05.26"]
[EventType "tourn"]
[EventCountry "GER"]
[SourceTitle "playchess.com"]
[Source "ChessBase"]
[SourceQuality "1"]
[TimeControl "40/5400+30:1800+30"]

1. e4 {[%emt 0:00:00]} c5 {[%emt 0:00:00]} 2. Nc3 {[%emt 0:00:00]} Nc6 {[%emt 0:00:00]} 3. Bb5 {[%emt 0:00:00]} Nd4 {[%emt 0:01:21]} 4. Bc4 {[%emt 0:00:32]} e6 {[%emt 0:01:36]} 5. Nge2 {[%emt 0:02:40]} a6 {[%emt 0:04:24]} 6. a4 {[%emt 0:00:40]} Ne7 {[%emt 0:03:53]} 7. O-O {[%emt 0:02:36]} Nec6 {[%emt 0:09:30]} 8. f4 {[%emt 0:09:15]} Be7 {[%emt 0:04:44]} 9. d3 {[%emt 0:07:31]} O-O {[%emt 0:03:07]} 10. Be3 {[%emt 0:01:52]} Rb8 {[%emt 0:01:43]} 11. Ng3 {[%emt 0:06:57]} Nb4 {[%emt 0:15:00]} 12. Bxd4 {[%emt 0:16:19]} cxd4 {[%emt 0:00:08]} 13. Nce2 {[%emt 0:00:02]} d5 {[%emt 0:02:19]} 14. Bb3 {[%emt 0:00:20]} dxe4 {[%emt 0:00:50]} 15. Nxe4 {[%emt 0:05:42]} b6 {[%emt 0:05:02]} 16. N2g3 {[%emt 0:01:41]} Nd5 {[%emt 0:07:34]} 17. Bxd5 {[%emt 0:02:34]} Qxd5 {[%emt 0:02:46]} 18. Nh5 {[%emt 0:01:36]} f5 {[%emt 0:05:17]} 19. Nd2 {[%emt 0:02:58]} g6 {[%emt 0:04:03]} 20. Ng3 {[%emt 0:00:16]} e5 {[%emt 0:03:13]} 21. fxe5 {[%emt 0:00:43]} Qxe5 {[%emt 0:00:11]} 22. Re1 {[%emt 0:01:15]} Qc7 {[%emt 0:01:24]} 23. Nf3 {[%emt 0:02:08]} Bf6 {[%emt 0:00:42]} 24. Ne2 {[%emt 0:08:59]} Qd6 {[%emt 0:01:05]} 25. Qd2 {[%emt 0:00:24]} Bd7 {[%emt 0:00:50]} 26. Qf4 {[%emt 0:00:40]} Qxf4 {[%emt 0:04:57]} 27. Nxf4 {[%emt 0:00:02]} Rfe8 {[%emt 0:05:23]} 28. Nd5 {[%emt 0:01:50]} Bg7 {[%emt 0:03:28]} 29. b3 {[%emt 0:06:42]} Kf8 {[%emt 0:01:43]} 30. Rxe8+ {[%emt 0:01:51]} Bxe8 {[%emt 0:00:02]} 31. Nc7 {[%emt 0:01:15]} Bf7 {[%emt 0:04:23]} 32. Nxa6 {[%emt 0:08:09]} Rc8 {[%emt 0:00:01]} 33. Ra2 {[%emt 0:02:53]} Bf6 {[%emt 0:00:22]} 34. Nd2 {[%emt 0:03:09]} Rc6 {[%emt 0:01:26]} 35. Nc4 {[%emt 0:00:36]} Re6 {[%emt 0:01:32]} 36. Kf1 {[%emt 0:00:40]} Bd8 {[%emt 0:00:43]} 37. Ra1 {[%emt 0:01:07]} Rc6 {[%emt 0:01:45]} 38. Nb4 {[%emt 0:00:31]} Rf6 {[%emt 0:01:19]} 39. Ne5 {[%emt 0:01:07]} Be8 {[%emt 0:00:03]} 40. Nf3 {[%emt 0:01:43]} Rd6 {[%emt 0:00:55]} 41. Ne5 {[%emt 0:03:36]} g5 {[%emt 0:03:35]} 42. h3 {[%emt 0:05:15]} h5 {[%emt 0:09:27]} 43. Nc4 {[%emt 0:01:42]} Re6 {[%emt 0:08:07]} 44. Re1 {[%emt 0:01:02]} Rxe1+ {[%emt 0:02:59]} 45. Kxe1 {[%emt 0:00:01]} b5 {[%emt 0:00:25]} 46. axb5 {[%emt 0:01:10]} Bxb5 {[%emt 0:00:02]} 47. Na2 {[%emt 0:04:15]} Ke7 {[%emt 0:02:02]} 48. Nc1 {[%emt 0:06:11]} Ke6 {[%emt 0:00:17]} 49. Ne2 {[%emt 0:01:32]} Bf6 {[%emt 0:00:13]} 50. h4 {[%emt 0:05:02]} gxh4 {[%emt 0:02:17]} 51. Nf4+ {[%emt 0:00:04]} Kd7 {[%emt 0:00:45]} 52. Nxh5 {[%emt 0:01:25]} Bh8 {[%emt 0:00:23]} 53. Nf4 {[%emt 0:00:37]} Bg7 {[%emt 0:01:27]} 54. Ng6 {[%emt 0:01:10]} Bf6 {[%emt 0:00:17]} 55. Nce5+ {[%emt 0:00:04]} Kd6 {[%emt 0:00:47]} 56. Nf3 {[%emt 0:00:13]} Be8 {[%emt 0:02:24]} 57. Ngxh4 {[%emt 0:01:07]} Ke6 {[%emt 0:00:31]} 58. g3 {[%emt 0:00:16]} Bh5 {[%emt 0:00:32]} 59. Kf2 {[%emt 0:00:13]} Bg7 {[%emt 0:00:47]} 60. Ng2 {[%emt 0:00:55]} Be8 {[%emt 0:00:50]} 61. Nf4+ {[%emt 0:00:41]} Kd6 {[%emt 0:00:09]} 62. Ne2 {[%emt 0:01:54]} Kc5 {[%emt 0:00:29]} 63. Nh4 {[%emt 0:00:36]} Bd7 {[%emt 0:00:23]} 64. Kf3 {[%emt 0:00:01]} Be5 {[%emt 0:01:25]} 65. Ng6 {[%emt 0:01:24]} Bc6+ {[%emt 0:00:09]} 66. Kf2 {[%emt 0:00:02]} Bf6 {[%emt 0:00:12]} 67. Ngf4 {[%emt 0:00:08]} Bd7 {[%emt 0:00:19]} 68. Ke1 {[%emt 0:01:13]} Be5 {[%emt 0:01:27]} 69. Kd2 {[%emt 0:00:07]} Kb4 {[%emt 0:00:30]} 70. Ng6 {[%emt 0:01:07]} Bf6 {[%emt 0:00:44]} 71. Nef4 {[%emt 0:01:46]} Kc5 {[%emt 0:00:36]} 72. Kc1 {[%emt 0:00:43]} Bc6 {[%emt 0:00:46]} 73. Kb2 {[%emt 0:00:16]} Bf3 {[%emt 0:00:29]} 74. Ka3 {[%emt 0:00:58]} Kd6 {[%emt 0:00:49]} 75. b4 {[%emt 0:00:18]} Bc6 {[%emt 0:00:24]} 76. Kb3 {[%emt 0:00:09]} Bb5 {[%emt 0:00:17]} 77. Nh4 {[%emt 0:01:21]} Bxh4 {[%emt 0:01:26]} 78. gxh4 {[%emt 0:00:03]} Ke5 {[%emt 0:00:03]} 79. h5 {[%emt 0:00:47]} Be8 {[%emt 0:00:35]} 80. h6 {[%emt 0:00:32]} Bf7+ {[%emt 0:00:12]} 81. Kb2 {[%emt 0:00:27]} Bg8 {[%emt 0:00:05]} 82. b5 {[%emt 0:00:29]} Kd6 {[%emt 0:00:34]} 83. Ka3 {[%emt 0:00:18]} Kc5 {[%emt 0:00:19]} 84. Ka4 {[%emt 0:00:01]} Kb6 {[%emt 0:00:08]} 85. Nh5 {[%emt 0:01:11]} Bh7 {[%emt 0:00:13]} 86. Nf6 {[%emt 0:00:11]} f4 {[%emt 0:00:21]} 87. Nd5+ {[%emt 0:00:27]} 1-0

[Event "German Masters Frauen 2019"]
[Site "Magdeburg"]
[Date "2019.05.29"]
[Round "4.2"]
[White "Sieber, Fiona"]
[Black "Klek, Hanna Marie"]
[Result "1/2-1/2"]
[WhiteElo "2250"]
[BlackElo "2325"]
[Annotator "RC"]
[PlyCount "127"]
[EventDate "2019.05.26"]
[EventType "tourn"]
[EventCountry "GER"]
[SourceTitle "playchess.com"]
[Source "ChessBase"]
[SourceQuality "1"]
[TimeControl "40/5400+30:1800+30"]

1. e4 {[%emt 0:00:00]} c6 {[%emt 0:00:00]} 2. d4 {[%emt 0:00:00]} d5 {[%emt 0:00:00]} 3. e5 {[%emt 0:00:00]} Bf5 {[%emt 0:00:00]} 4. Nf3 {[%emt 0:00:00]} e6 {[%emt 0:00:00]} 5. Be2 {[%emt 0:00:00]} Nd7 {[%emt 0:00:00]} 6. O-O {[%emt 0:00:00]} Ne7 {[%emt 0:00:00]} 7. Nh4 {[%emt 0:00:12]} c5 {[%emt 0:00:06]} 8. c3 {[%emt 0:01:31]} Be4 {[%emt 0:00:08]} 9. Nd2 {[%emt 0:03:53]} Nc6 {[%emt 0:01:14]} 10. Nxe4 {[%emt 0:04:35]} dxe4 {[%emt 0:00:15]} 11. g3 {[%emt 0:05:45]} Qb6 {[%emt 0:00:24]} 12. Be3 {[%emt 0:08:09]} Rd8 {[%emt 0:01:28]} 13. b4 {[%emt 0:19:05]} cxd4 {[%emt 0:00:07]} 14. cxd4 {[%emt 0:01:33]} Ndxe5 {[%emt 0:00:07]} 15. Qa4 {[%emt 0:16:33]} Nd3 {[%emt 0:02:58]} 16. a3 {[%emt 0:03:02]} Ke7 {[%emt 0:00:09]} 17. d5 {[%emt 0:06:01]} Nd4 {[%emt 0:01:13]} 18. Bxd4 {[%emt 0:00:08]} Qxd4 {[%emt 0:00:14]} 19. dxe6 {[%emt 0:00:12]} fxe6 {[%emt 0:02:59]} 20. Rad1 {[%emt 0:01:53]} Rd5 {[%emt 0:21:23]} 21. Ng2 {[%emt 0:04:56]} g5 {[%emt 0:15:58]} 22. Ne3 {[%emt 0:04:51]} Rd7 {[%emt 0:00:23]} 23. Rfe1 {[%emt 0:05:50]} Kd8 {[%emt 0:15:49]} 24. Qb3 {[%emt 0:07:33]} Bg7 {[%emt 0:04:29]} 25. Qxe6 {[%emt 0:00:16]} Re8 {[%emt 0:00:06]} 26. Qg4 {[%emt 0:00:25]} Bf6 {[%emt 0:05:50]} 27. Qf5 {[%emt 0:01:42]} Qe5 {[%emt 0:04:24]} 28. Bg4 {[%emt 0:00:02]} Qxf5 {[%emt 0:01:35]} 29. Bxf5 {[%emt 0:00:03]} Rd6 {[%emt 0:09:08]} 30. Re2 {[%emt 0:03:08]} Kc7 {[%emt 0:06:18]} 31. Ng4 {[%emt 0:01:19]} Bd4 {[%emt 0:03:46]} 32. Bxe4 {[%emt 0:01:54]} h5 {[%emt 0:02:56]} 33. Bxd3 {[%emt 0:00:38]} Rxe2 {[%emt 0:00:01]} 34. Bxe2 {[%emt 0:00:02]} hxg4 {[%emt 0:00:08]} 35. Bxg4 {[%emt 0:00:12]} b5 {[%emt 0:00:11]} 36. Rd2 {[%emt 0:01:23]} Bf6 {[%emt 0:02:37]} 37. Re2 {[%emt 0:00:47]} Rd3 {[%emt 0:00:30]} 38. Re6 {[%emt 0:00:03]} Rd6 {[%emt 0:00:36]} 39. Re8 {[%emt 0:00:18]} Rd8 {[%emt 0:00:29]} 40. Rxd8 {[%emt 0:00:10]} Bxd8 {[%emt 0:00:05]} 41. Kf1 {[%emt 0:30:31]} Bf6 {[%emt 0:30:41]} 42. Ke2 {[%emt 0:00:00]} Bb2 {[%emt 0:00:00]} 43. Kd3 {[%emt 0:00:00]} Bxa3 {[%emt 0:00:00]} 44. Kc3 {[%emt 0:00:00]} Bc1 {[%emt 0:00:00]} 45. h4 {[%emt 0:00:00]} gxh4 {[%emt 0:00:00]} 46. gxh4 {[%emt 0:00:00]} Bh6 {[%emt 0:00:00]} 47. h5 {[%emt 0:00:00]} Kd6 {[%emt 0:00:00]} 48. Be2 {[%emt 0:00:00]} Bg7+ {[%emt 0:00:00]} 49. Kb3 {[%emt 0:00:00]} Kc6 {[%emt 0:00:00]} 50. Kc2 {[%emt 0:00:00]} Bf8 {[%emt 0:00:00]} 51. Kc3 {[%emt 0:00:00]} Bg7+ {[%emt 0:00:00]} 52. Kd3 {[%emt 0:00:00]} Kd5 {[%emt 0:00:00]} 53. Bg4 {[%emt 0:01:37]} Bf8 {[%emt 0:00:00]} 54. Bf3+ {[%emt 0:01:05]} Ke5 {[%emt 0:00:00]} 55. Kc3 {[%emt 0:00:05]} Kf4 {[%emt 0:00:00]} 56. Be2 {[%emt 0:00:04]} Kg5 {[%emt 0:00:00]} 57. Bd1 {[%emt 0:01:39]} Bd6 {[%emt 0:00:00]} 58. Bf3 {[%emt 0:00:18]} Kh6 {[%emt 0:00:00]} 59. Be2 {[%emt 0:00:08]} Kg5 {[%emt 0:00:00]} 60. Bxb5 {[%emt 0:00:53]} Kxh5 {[%emt 0:00:00]} 61. Be2+ {[%emt 0:00:16]} Kg5 {[%emt 0:00:00]} 62. Kc4 {[%emt 0:00:17]} Bc7 {[%emt 0:00:00]} 63. Kd5 {[%emt 0:00:44]} Kf4 {[%emt 0:00:00]} 64. f3 {[%emt 0:00:37]} 1/2-1/2